<?xml version="1.0" encoding="UTF-8"?>
<record
    xmlns:xsi="http://www.w3.org/2001/XMLSchema-instance"
    xsi:schemaLocation="http://www.loc.gov/MARC21/slim http://www.loc.gov/standards/marcxml/schema/MARC21slim.xsd"
    xmlns="http://www.loc.gov/MARC21/slim">

  <leader>01520nam a2200205Ia 4500</leader>
  <controlfield tag="001">b6706-48005 </controlfield>
  <controlfield tag="003">IT-MiCISF</controlfield>
  <controlfield tag="008">161014s9999||||xx |||||||||||||| ||und||</controlfield>
  <datafield tag="040" ind1=" " ind2=" ">
    <subfield code="a">IT-MiCISF</subfield>
    <subfield code="c">IT-MiCISF</subfield>
  </datafield>
  <datafield tag="041" ind1=" " ind2=" ">
    <subfield code="a">it</subfield>
  </datafield>
  <datafield tag="100" ind1=" " ind2=" ">
    <subfield code="a">Landi Paolo</subfield>
  </datafield>
  <datafield tag="245" ind1=" " ind2="0">
    <subfield code="a">La pubblicit&#xE0; non &#xE8; una cosa da bambini</subfield>
  </datafield>
  <datafield tag="250" ind1=" " ind2=" ">
    <subfield code="a">1a ed.</subfield>
  </datafield>
  <datafield tag="260" ind1=" " ind2=" ">
    <subfield code="a">Brescia</subfield>
    <subfield code="b">La Scuola</subfield>
    <subfield code="c">2009</subfield>
  </datafield>
  <datafield tag="300" ind1=" " ind2=" ">
    <subfield code="a">pp. 95</subfield>
  </datafield>
  <datafield tag="500" ind1=" " ind2=" ">
    <subfield code="a"> / societ&#xE0;, pubblicit&#xE0;, infanzia, consumi / Spesso la pubblicit&#xE0; propone messaggi consumistici che trasformano i bambini in piccoli adulti. Come si pu&#xF2; scardinare questo meccanismo, educando i bambini alla bellezza invece che al possesso, alla concordia invece che alla competizione? Questo libro, come una guida rapida di semplice lettura, trattando un tema di forte attualit&#xE0;, diviene un pretesto per parlare dei problemi dell'educazione dei bambini di oggi. Ricorda infatti l'A. che - crescendo legati ai valori materialistici - i bambini avranno maggiori probabilit&#xE0; di incorrere da grandi in comportamenti a rischio, soffriranno di pi&#xF9; quanto a disturbi della personalit&#xE0;, deficit di attenzione, ansie da prestazione, narcisismo, spesso destinati a sfociare nei tipici comportamenti del bullismo. Alla radice &#xE8; tutta questione non della pubblicit&#xE0;, ma della pubblicit&#xE0; cattiva: quella che diseducando ha responsabilit&#xE0; nemmeno immaginate: oggi tra i banchi delle scuole, domani nella vita.</subfield>
  </datafield>
  <datafield tag="650" ind1=" " ind2=" ">
    <subfield code="a"> Famiglia nella societ&#xE0; / mass-media</subfield>
    <subfield code="e">006</subfield>
  </datafield>
  <datafield tag="942" ind1=" " ind2=" ">
    <subfield code="c">BK</subfield>
  </datafield>
  <datafield tag="957" ind1=" " ind2=" ">
    <subfield code="7">1</subfield>
  </datafield>
  <datafield tag="999" ind1=" " ind2=" ">
    <subfield code="a">48005</subfield>
    <subfield code="b">si</subfield>
    <subfield code="g">1</subfield>
    <subfield code="c">210314</subfield>
    <subfield code="d">210314</subfield>
  </datafield>
  <datafield tag="952" ind1=" " ind2=" ">
    <subfield code="0">0</subfield>
    <subfield code="1">0</subfield>
    <subfield code="4">0</subfield>
    <subfield code="6">B_670648005</subfield>
    <subfield code="7">1</subfield>
    <subfield code="a">CISF</subfield>
    <subfield code="b">CISF</subfield>
    <subfield code="d">2016-10-14</subfield>
    <subfield code="l">0</subfield>
    <subfield code="o">b6706-48005 </subfield>
    <subfield code="r">2016-10-14 00:00:00</subfield>
    <subfield code="w">2016-10-14</subfield>
    <subfield code="y">BK</subfield>
    <subfield code="z">Data import 15.10.2016 / by Epidotti, Vaglietti</subfield>
  </datafield>
</record>
